Algebra y trigonometría.

Bibliographic Details
Main Author: Mondéjar, Marqués de
Format: Section = Libro
Language:Undetermined
Spanish
Published: España Bruño 1976
Subjects:
LEADER 00570nam a2200217Ia 4500
008 240829s9999 xx 000 0 und d
020 |a 84-216-0211-X 
040 |a BIBLIOTECA-RUSB/ 512.13 M741 
041 |a spa 
082 |a 512.13 M741 
100 1 |a Mondéjar, Marqués de 
245 1 0 |a Algebra y trigonometría. 
260 |a España  |b Bruño  |c 1976 
300 |a 250 p. :il. 
650 7 |a ALGEBRA Y TRIGONOMETRIA 
650 7 |b  LOGARITMOS 
650 7 |c  RAZONES TRIGONOMETRICAS 
650 7 |d  EXPRESIONES ALGEBRAICA 
942 |c BK  |2 ddc 
991 |a TEXTO 
999 |c 1434